| 000 | 00436nam a2200157Ia 4500 | ||
|---|---|---|---|
| 008 | 230711s9999||||xx |||||||||||||| ||und|| | ||
| 041 | _aENG | ||
| 082 |
_a621.3 _bBU-I |
||
| 100 | _aBureau of Indian Standard | ||
| 245 | 0 |
_aIS : 398 Pt II _bPT II all conductor galvanized structure reinforced |
|
| 250 | _a2nd | ||
| 260 |
_c1976 _aNew Delhi _bBureau of Indian Standard |
||
| 300 | _a15 | ||
| 650 | _aElectrical Engineering | ||
| 942 | _cBK | ||
| 999 |
_c7798 _d7798 |
||